00742nam a2200193 a 450000100100000000500170001000800410002702000150006804000250008308200080010810000320011624501000014826000520024830000280030049000440032883000510037295201080042399900170053100003977520201002033728.0130719s200u sp a 000 0 spa d a8485202716 aDO-SdBNPbspacBNPHU axxx1 aTarragó, Rafael E.96363910aExperiencias políticas de los cubanos en la cuba española:1512-1898 /cRafael E. Tarragó. aBarcelona, España :bPuvill Libros,c[s. f.]. a260 p. :bil. ;c22 cm.1 aHistoria y cultura de Hispanoamericav2 0aHistoria y cultura de Hispanoamericav2965970 001050718MOaGRbGRcCTd2013-07-19iLF1l0oxxx p39775-10r2020-06-25w2020-06-25y1ZNo se presta c39265d39265